=LDR 00000nam 2200000 4500 =001 NUTBA000000000004264 =005 20140910090013.0 =006 =007 =008 =020 ##$$a 979-28-1404-0 =035 ##$$a 0010-091400000000297 =040 ##$$a NBPDMAT =082 ##$$a 507.6 =084 ##$$a 507.6 Ern i =100 ##$$a Erna Tri Wulandari =245 ##$$a Ilmu Pengetahuan Alam SMP Kelas VII Semester 2 / $c Erna Tri Wulandari,Supardianingsih,Rinawan Abadi =250 ##$$a Cet. 1 =260 ##$$a Klaten : $b Intan Pariwara, $c 2010 =300 ##$$a 122 hlm. : $b ilus. ; $c 29 cm. =500 ##$$a Bibliografi : hlm. 122 =650 ##$$a SAINS-SMP-SOAL DSB =700 ##$$a Supardianingsih,Rinawan Abadi =990 ##$$a 21411092